000 00694nam a2200289Ia 4500
005 20260324120919.0
008 008 260324s9999 xx 000 0 eng d
020 _a9781315743325
037 _aEBOOK
040 _aCRL
040 _beng
040 _cCRL
041 _2eng
041 _aeng
084 _qCRL
100 _aMarc van Veldhoven; Riccardo Peccei
_91160457
245 0 _aWell-being and Performance at Work
245 4 _bThe role of context
260 _bTaylor and Francis
260 _c2014
365 _a
365 _b230
856 _uhttp://www.taylorfrancis.com/books/9781315743325
942 _cEBOOK
999 _c1752243
_d1752243